The painful upbringing of building schools for the future (Record no. 80730)
[ view plain ]
| 000 -LEADER | |
|---|---|
| fixed length control field | 01129cab a22002055a 4500 |
| 001 - CONTROL NUMBER | |
| control field | L145210 |
| 008 - FIXED-LENGTH DATA ELEMENTS--GENERAL INFORMATION | |
| fixed length control field | 080916e20080912enkado f s 000 0 eng d |
| 035 ## - SYSTEM CONTROL NUMBER | |
| System control number | (Sirsi) u145210 |
| 041 0# - LANGUAGE CODE | |
| Language code of text/sound track or separate title | eng |
| 100 1# - MAIN ENTRY--PERSONAL NAME | |
| Personal name | Lane, Thomas |
| 245 04 - TITLE STATEMENT | |
| Title | The painful upbringing of building schools for the future |
| 260 ## - PUBLICATION, DISTRIBUTION, ETC. | |
| Date of publication, distribution, etc. | 2008 |
| 490 ## - SERIES STATEMENT | |
| Series statement | Building |
| Volume/sequential designation | 273(8546) 12 September 2008, 38-44(7) |
| 520 ## - SUMMARY, ETC. | |
| Summary, etc. | The first in a series of six articles on school developments (see other articles under references L145344, L145345, L145349, L145354, L145360). Reports current progress to the Building Schools for the Future (BSF) governmental programme. Shows that the aim is to improve the quality of project by having the Commission for Architecture and the Built Environment involved during the design process, and increase the speed of school development and delivery. Lists the 30 best BSF contractors and the 89 schools still open to bids. |
| 590 ## - LOCAL NOTE (RLIN) | |
| Local note | KA |
| 650 24 - SUBJECT ADDED ENTRY--TOPICAL TERM | |
| Topical term or geographic name entry element | BUILDING SCHOOLS FOR THE FUTURE |
| 651 #4 - SUBJECT ADDED ENTRY--GEOGRAPHIC NAME | |
| Geographic name | England |
| Chronological subdivision | 886- |
| 690 ## - LOCAL SUBJECT ADDED ENTRY--TOPICAL TERM (OCLC, RLIN) | |
| Topical term or geographic name as entry element | BUILT ENVIRONMENT-BUILDING TYPES-EDUCATIONAL, INFORMATION AND SCIENTIFIC FACILITIES |
| 942 ## - ADDED ENTRY ELEMENTS (KOHA) | |
| Suppress in OPAC | 0 |
| Withdrawn status | Lost status | Source of classification or shelving scheme | Damaged status | Not for loan | Home library | Current library | Shelving location | Date acquired | Total Checkouts | Full call number | Barcode | Date last seen | Copy number | Price effective from | Koha item type |
|---|---|---|---|---|---|---|---|---|---|---|---|---|---|---|---|
| Dewey Decimal Classification | London | London | Journal article | 16/09/2008 | L145210 | 145210-1001 | 06/08/2019 | 1 | 06/08/2019 | Journal article |